Statistiken für Irak-Quiz

Klicken Sie hier um das Quiz zu spielen!

Allgemein

  • Dieses Quiz wurde 827 mal gespielt
  • Das Durchschnittsergebnis liegt bei 13 aus 22

Antwortstatistiken

FrageAntwort% Korrekt
Hauptstadt von IrakBagdad
98%
AmtssprachenArabisch
96%
Irak führte 1980-88 einen blutigen Krieg gegen dieses NachbarlandIran
91%
Golfstaat, in dem 1990 irakische Truppen einmarschiertenKuwait
84%
Meeresgolf, an den Irak grenzt{Persischer} Golf
84%
Diktator von Irak, 1979-2003Saddam Hussein
81%
Antike Hauptstadt, in der sich die Hängenden Gärten befandenBabylon
78%
Terroristisches "Kalifat", das in den 2010er Jahren Teile Iraks besetzteISIS
78%
HauptflüsseTigris
78%
Ehemaliger Name der Region zwischen diesen beiden FlüssenMesopotamien
67%
Zwei Worte auf der Flagge mit der Bedeutung "Gott ist der Größte"Allahu Akbar
61%
HauptflüsseEuphrat
60%
AmtssprachenKurdisch
55%
Währung von IrakDinar
50%
Fremde Angreifer, die 1258 n. Chr. die Hauptstadt plünderten und somit das Goldene Zeitalter des Islams beendetenMongolen
45%
Schriftsystem der Sumeren, das oft auf Tontafeln vorkam{Keil}schrift
40%
Biblischer Patriarch, der in der Stadt Ur geboren wurdeAbraham
39%
Größte Stadt im Süden IraksBasra
36%
Politische Partei des obigen FührersBa'ath
35%
Legendärer Seefahrer der sieben Meere, der angeblich in Irak lebteSindbad
35%
Ehemaliges U.S. Gefängnis, in dem die Insassen gefoltert wurdenAbu Ghuraib
27%
König der obigen Stadt; Sein Codex mit Rechtssprüchen verlangte "ein Auge für ein Auge"Hammurapi
25%

Verteilung der Resultate

Perzentil nach korrekt beantworteten Fragen

Anzahl Personen mit jedem Resultat

Ihre Resultats-Entwicklung

Sie haben dieses Quiz noch nicht gespielt